Myanmar First Level Subdivisions - Statistics

General Stats
  • This quiz has been taken 124 times
    109 since last reset
  • The average score is 13 of 21
Answer Stats
Daysamyarr % Correct
Yangon
96%
Mandalay
87%
Naypyidaw
87%
Shan
80%
Mon
76%
Chin
73%
Kachin
71%
Rakhine
64%
Bago
60%
Wa
60%
Sagaing
58%
Kayah
56%
Kayin
56%
Ayeyarwady
51%
Pa'O
51%
Tanintharyi
51%
Magway
49%
Naga
42%
Pa Laung
36%
Kokang
33%
Danu
24%
No matching quizzes found
Score Distribution
Percent of People with Each Score
Percentile by Number Answered
Your Score History
You have not taken this quiz since the last reset